Karel Růžička /

Hlavní autor: Růžička, Karel, 1940-2016
Korporativní autor: Taneční orchestr Československého rozhlasu Praha
Další autoři: Gershwin, George, 1898-1937, Bernstein, Leonard, 1918-1990, Addinsell, Richard, 1904-1977, Ježek, Jaroslav, 1906-1942, Vobruba, Josef, 1932-1982, Popelka, Vladimír, 1932-
Jazyk: Nelze použít, není lingvistický obsah
Vydáno: Praha : Supraphon, [1982]
Témata:
Fyzický popis: 1 gramofonová deska ; 30 cm
Zvukové nahrávky
Uloženo v:
LEADER 02499njm a2200553 i 4500
001 001758996
005 20210524102002.0
007 sd bsmennmplne
008 200716p1982 xr mun g fh|||||| zxx d
040 |a BOA001  |b cze  |e rda 
045 |a x-x- 
047 |a rp  |a co  |a sg 
048 |b ka01  |a oe01 
072 7 |a 785  |x Instrumentální hudba. Symfonická hudba. Hudba pro více nástrojů  |2 Konspekt  |9 9 
080 |a 78.083.5  |2 MRF 
080 |a 784.4.088  |2 MRF 
080 |a 782.083.83.088  |2 MRF 
080 |a 78.082.4.088  |2 MRF 
080 |a (086.72)  |2 MRF 
100 1 |a Růžička, Karel,  |d 1940-2016  |7 jn19990209733  |4 itr 
245 1 0 |a Karel Růžička /  |c Taneční orchestr Čs. rozhlasu, Josef Vobruba ; aranžmá Vladimír Popelka 
264 1 |a Praha :  |b Supraphon,  |c [1982] 
264 4 |c ℗1982 
300 |a 1 gramofonová deska ;  |c 30 cm 
336 |a hraná hudba  |b prm  |2 rdacontent 
337 |a audio  |b s  |2 rdamedia 
338 |a audiodisk  |b sd  |2 rdacarrier 
340 |a vinyl  |2 rda 
344 |a analog  |c 33 1/3 ot/min  |g stereo  |2 rda 
382 0 |b klavír  |n 1  |a taneční orchestr  |e 1  |s 1  |t 1 
505 0 0 |t Rapsódie v modrém /  |r George Gershwin --  |t Směs melodií /  |r Jaroslav Ježek --  |t Porgy a Bess /  |r George Gershwin --  |t Varšavský koncert /  |r Richard Addinsell --  |t Američan v Paříži /  |r George Gershwin  |t West Side Story /  |r Leonard Bernstein -- 
511 1 |a Karel Růžička, klavír, Yamaha piano, Fender Rhodes piano ; Taneční orchestr Čs. rozhlasu, řídí Josef Vobruba 
518 |o Nahráno  |d v prosinci 1981 - únoru 1982  |p studio A Čs. rozhlasu, Praha 
648 7 |a 20. století  |7 ch460558 
650 0 7 |a rapsodie  |7 ph321705  |2 czenas 
650 0 7 |a populární písně, úpravy  |7 ph315261  |2 czenas 
650 0 7 |a operní směsi, úpravy  |7 ph315244  |2 czenas 
650 0 7 |a koncerty, úpravy  |7 ph312540  |2 czenas 
655 7 |a gramofonové desky  |7 fd186718  |2 czenas 
700 1 |a Gershwin, George,  |d 1898-1937  |7 jn19990002641  |4 cmp 
700 1 |a Bernstein, Leonard,  |d 1918-1990  |7 jn20000600836  |4 cmp 
700 1 |a Addinsell, Richard,  |d 1904-1977  |7 xx0011368  |4 cmp 
700 1 |a Ježek, Jaroslav,  |d 1906-1942  |7 jk01051624  |4 cmp 
700 1 |a Vobruba, Josef,  |d 1932-1982  |7 jn19990010024  |4 cnd 
700 1 |a Popelka, Vladimír,  |d 1932-  |7 xx0000095  |4 arr 
710 2 |a Taneční orchestr Československého rozhlasu Praha  |7 ko2002102437  |4 itr 
910 |b LP-1468.268 
990 |a AV 
996 6 |b 2610866007  |c LP-1468.268  |l MZK  |r Sklad / do 24 hodin  |n 0  |p dar  |w 001853649  |u 000010  |a 1  |e BOA001  |j MZK50  |s P